000 00472cam a2200205ua 4500
001 8021
005 20260515114301.0
008 150105n ii |||gr||||Z||||||hin
020 _a8171242146
040 _cMAIN
041 _ahin
082 _a398
100 _aJain, S.,
_eAuthor.
245 1 _aLokgiton ke sandarbh aur ayam
_cBy Shanti Jain
250 _a1st.
260 _aVaranasi:
_bViswavidyalaya,
_c1999.
300 _a312p.
653 _aFolklore
942 _cBK
999 _c7134
_d7134